000
00341nam a2200145Ia 4500
008
150201s1993 xx 000 0 und d
082
_a
610.7
_b
R1993G
100
_a
GUTEH C F
245
_a
REVIEW OF HEMODIALYSIS FOR NURSES
250
_a
5TH
260
_b
MOSBY
_a
NEW DELHI
_c
1993
300
_a
1-315
650
_a
NURSING
942
_2
ddc
_c
BK
999
_c
4064
_d
4064